[Event "ODJM C 2025"]
[Site "Willingen GER"]
[Date "2025.06.09"]
[Round "3"]
[White "Hirtzel, Amelie Meiyan"]
[Black "Kähling, Fiete"]
[Result "1/2-1/2"]
[Termination "normal"]
[Board "24"]
[WhiteElo "1172"]
[BlackElo "835"]
[WhiteClock "01:02:26"]
[BlackClock "00:47:50"]
[PlyCount "62"]
[WhiteFideId "533001898"]
[BlackFideId "533046700"]
[EventCountry "GER"]
[EventRounds "9"]
[EventType "swiss"]
[EventDate "2025.06.07"]

1. d4 {[%clk 01:30:58]} d5 {[%clk 01:30:53]} {[%emt 00:00:10]} 2. c4 {[%clk
01:31:24]} {[%emt 00:00:02]} Nf6 {[%clk 01:30:59]} {[%emt 00:00:22]} 3. cxd5
{[%clk 01:31:39]} {[%emt 00:00:16]} Qxd5 {[%clk 01:30:38]} {[%emt 00:00:49]} 4.
Nc3 {[%clk 01:31:42]} {[%emt 00:00:28]} Qa5 {[%clk 01:30:30]} {[%emt 00:00:38]}
5. Bd2 {[%clk 01:31:53]} {[%emt 00:00:19]} e6 {[%clk 01:30:25]} {[%emt
00:00:35]} 6. Nf3 {[%clk 01:31:32]} {[%emt 00:00:51]} Bb4 {[%clk 01:29:57]}
{[%emt 00:00:58]} 7. a3 {[%clk 01:31:05]} {[%emt 00:00:57]} Bxc3 {[%clk
01:28:36]} {[%emt 00:01:51]} 8. Bxc3 {[%clk 01:31:20]} {[%emt 00:00:15]} Qd5
{[%clk 01:27:47]} {[%emt 00:01:03]} 9. e3 {[%clk 01:30:32]} {[%emt 00:01:34]}
Bd7 {[%clk 01:27:46]} {[%emt 00:00:32]} 10. Bd3 {[%clk 01:30:09]} {[%emt
00:00:53]} Ne4 {[%clk 01:21:39]} {[%emt 00:06:36]} 11. Bxe4 {[%clk 01:29:04]}
{[%emt 00:01:34]} Qxe4 {[%clk 01:21:16]} {[%emt 00:00:53]} 12. Qb1 {[%clk
01:25:05]} {[%emt 00:04:29]} Qxb1+ {[%clk 01:19:07]} {[%emt 00:02:40]} 13. Rxb1
{[%clk 01:25:26]} {[%emt 00:00:08]} Bc6 {[%clk 01:18:18]} {[%emt 00:01:19]} 14.
Rg1 {[%clk 01:22:36]} {[%emt 00:03:20]} Nd7 {[%clk 01:15:42]} {[%emt 00:03:06]}
15. b4 {[%clk 01:20:50]} {[%emt 00:02:16]} b5 {[%clk 01:08:57]} {[%emt
00:07:15]} 16. Rc1 {[%clk 01:19:21]} {[%emt 00:01:59]} Be4 {[%clk 01:03:50]}
{[%emt 00:05:37]} 17. Bb2 {[%clk 01:15:01]} {[%emt 00:04:50]} Rc8 {[%clk
01:01:06]} {[%emt 00:03:15]} 18. Ke2 {[%clk 01:12:56]} {[%emt 00:02:35]} O-O
{[%clk 00:59:42]} {[%emt 00:01:53]} 19. Rc3 {[%clk 01:09:56]} {[%emt 00:03:30]}
c6 {[%clk 00:58:07]} {[%emt 00:02:06]} 20. h4 {[%clk 01:07:36]} {[%emt
00:02:50]} h6 {[%clk 00:56:37]} {[%emt 00:02:00]} 21. g4 {[%clk 01:06:20]}
{[%emt 00:01:45]} Bxf3+ {[%clk 00:52:01]} {[%emt 00:05:06]} 22. Kxf3 {[%clk
01:06:35]} {[%emt 00:00:15]} g5 {[%clk 00:52:10]} {[%emt 00:00:22]} 23. hxg5
{[%clk 01:06:32]} {[%emt 00:00:32]} hxg5 {[%clk 00:52:34]} {[%emt 00:00:05]}
24. Rgc1 {[%clk 01:06:15]} {[%emt 00:00:48]} Nb8 {[%clk 00:51:27]} {[%emt
00:01:37]} 25. Kg3 {[%clk 01:05:00]} {[%emt 00:01:46]} f5 {[%clk 00:49:58]}
{[%emt 00:01:58]} 26. gxf5 {[%clk 01:04:55]} {[%emt 00:00:35]} Rxf5 {[%clk
00:50:13]} {[%emt 00:00:14]} 27. Rc5 {[%clk 01:03:40]} {[%emt 00:01:46]} Kf7
{[%clk 00:49:27]} {[%emt 00:01:16]} 28. Rxf5+ {[%clk 01:03:26]} {[%emt
00:00:43]} exf5 {[%clk 00:49:49]} {[%emt 00:00:08]} 29. d5 {[%clk 01:03:06]}
{[%emt 00:00:51]} Kg6 {[%clk 00:00:00]} {[%emt 00:03:03]} 30. d6 {[%clk
01:02:51]} {[%emt 00:00:44]} Nd7 {[%clk 00:48:09]} {[%emt 00:01:32]} 31. f4
{[%clk 01:02:26]} {[%emt 00:00:55]} g4 {[%clk 00:47:50]} {[%emt 00:00:48]}
1/2-1/2

[Event "ODJM C 2025"]
[Site "Willingen GER"]
[Date "2025.06.09"]
[Round "3"]
[White "Stepanjan, Gurgen"]
[Black "Kudinov, Mykhailo"]
[Result "0-1"]
[Termination "normal"]
[Board "26"]
[WhiteElo "751"]
[BlackElo "1139"]
[WhiteClock "01:23:48"]
[BlackClock "01:28:16"]
[PlyCount "74"]
[WhiteFideId "34655280"]
[BlackFideId "533034176"]
[EventCountry "GER"]
[EventRounds "9"]
[EventType "swiss"]
[EventDate "2025.06.07"]

1. e4 {[%clk 01:30:20]} {[%emt 00:00:41]} e6 {[%clk 01:30:59]} 2. d4 {[%clk
01:30:36]} {[%emt 00:00:12]} d5 {[%clk 01:31:24]} {[%emt 00:00:06]} 3. exd5
{[%clk 01:30:56]} {[%emt 00:00:10]} exd5 {[%clk 01:31:51]} {[%emt 00:00:02]} 4.
Nf3 {[%clk 01:31:02]} {[%emt 00:00:24]} c5 {[%clk 01:31:49]} {[%emt 00:00:31]}
5. Nc3 {[%clk 01:31:07]} {[%emt 00:00:26]} Bd6 {[%clk 01:31:50]} {[%emt
00:00:28]} 6. Bb5+ {[%clk 01:31:15]} {[%emt 00:00:24]} Bd7 {[%clk 01:32:01]}
{[%emt 00:00:19]} 7. O-O {[%clk 01:31:25]} {[%emt 00:00:18]} Bxb5 {[%clk
01:32:09]} {[%emt 00:00:23]} 8. Re1+ {[%clk 01:31:29]} {[%emt 00:00:25]} Ne7
{[%clk 01:32:33]} {[%emt 00:00:06]} 9. Nxb5 {[%clk 01:31:46]} {[%emt 00:00:14]}
a6 {[%clk 01:31:51]} {[%emt 00:01:12]} 10. Nxd6+ {[%clk 01:32:02]} {[%emt
00:00:14]} Qxd6 {[%clk 01:32:13]} {[%emt 00:00:07]} 11. Ne5 {[%clk 01:31:51]}
{[%emt 00:00:42]} f6 {[%clk 01:32:16]} {[%emt 00:00:28]} 12. dxc5 {[%clk
01:31:58]} {[%emt 00:00:22]} Qxc5 {[%clk 01:32:13]} {[%emt 00:00:33]} 13. Nd3
{[%clk 01:31:57]} {[%emt 00:00:31]} Qd6 {[%clk 01:31:46]} {[%emt 00:00:57]} 14.
Bf4 {[%clk 01:31:55]} {[%emt 00:00:32]} Qd8 {[%clk 01:31:41]} {[%emt 00:00:28]}
15. Re6 {[%clk 01:31:46]} {[%emt 00:00:45]} O-O {[%clk 01:31:25]} {[%emt
00:00:47]} 16. Bd6 {[%clk 01:31:59]} {[%emt 00:00:18]} Rf7 {[%clk 01:31:02]}
{[%emt 00:00:52]} 17. Qe2 {[%clk 01:31:58]} {[%emt 00:00:31]} Nbc6 {[%clk
01:31:00]} {[%emt 00:00:32]} 18. Re1 {[%clk 01:31:44]} {[%emt 00:00:44]} Nd4
{[%clk 01:31:02]} {[%emt 00:00:28]} 19. Qg4 {[%clk 01:31:04]} {[%emt 00:01:05]}
Nxe6 {[%clk 01:30:43]} {[%emt 00:00:54]} 20. Qxe6 {[%clk 01:31:05]} {[%emt
00:00:28]} Ng6 {[%clk 01:30:45]} {[%emt 00:00:29]} 21. Nc5 {[%clk 01:30:03]}
{[%emt 00:01:32]} b6 {[%clk 01:29:11]} {[%emt 00:02:04]} 22. Nd3 {[%clk
01:28:28]} {[%emt 00:02:05]} Rc8 {[%clk 01:28:34]} {[%emt 00:01:08]} 23. c3
{[%clk 01:27:35]} {[%emt 00:01:22]} Rc6 {[%clk 01:27:54]} {[%emt 00:01:10]} 24.
Be7 {[%clk 01:26:23]} {[%emt 00:01:42]} Rxe6 {[%clk 01:27:35]} {[%emt
00:00:50]} 25. Bxd8 {[%clk 01:26:31]} {[%emt 00:00:21]} Rxe1+ {[%clk 01:28:00]}
{[%emt 00:00:05]} 26. Nxe1 {[%clk 01:26:53]} {[%emt 00:00:08]} b5 {[%clk
01:28:22]} {[%emt 00:00:08]} 27. Nd3 {[%clk 01:26:40]} {[%emt 00:00:43]} Rd7
{[%clk 01:28:44]} {[%emt 00:00:09]} 28. Bb6 {[%clk 01:26:35]} {[%emt 00:00:34]}
Rd6 {[%clk 01:28:33]} {[%emt 00:00:42]} 29. Bd4 {[%clk 01:26:41]} {[%emt
00:00:23]} Re6 {[%clk 01:28:28]} {[%emt 00:00:35]} 30. h3 {[%clk 01:26:42]}
{[%emt 00:00:29]} Re2 {[%clk 01:28:26]} {[%emt 00:00:32]} 31. b3 {[%clk
01:26:03]} {[%emt 00:01:10]} Rxa2 {[%clk 01:28:01]} {[%emt 00:00:55]} 32. Nc1
{[%clk 01:26:18]} {[%emt 00:00:15]} Ra1 {[%clk 01:27:14]} {[%emt 00:01:16]} 33.
Be3 {[%clk 01:26:26]} {[%emt 00:00:22]} Ne5 {[%clk 01:27:33]} {[%emt 00:00:11]}
34. Kh2 {[%clk 01:26:35]} {[%emt 00:00:20]} a5 {[%emt 00:00:28]} 35. g3 {[%clk
01:26:08]} {[%emt 00:00:56]} a4 {[%clk 01:27:41]} {[%emt 00:00:26]} 36. b4
{[%clk 01:24:43]} {[%emt 00:01:54]} a3 {[%clk 01:28:05]} {[%emt 00:00:07]} 37.
Bd4 {[%clk 01:23:48]} {[%emt 00:01:25]} Rxc1 {[%clk 01:28:16]} {[%emt
00:00:18]} 0-1

[Event "ODJM C 2025"]
[Site "Willingen GER"]
[Date "2025.06.09"]
[Round "3"]
[White "Holzhäuser, Thibaut Lautaro"]
[Black "Neumann, Viktoria"]
[Result "1-0"]
[Termination "normal"]
[Board "29"]
[WhiteElo "1035"]
[BlackElo "972"]
[WhiteClock "01:23:42"]
[BlackClock "01:08:01"]
[PlyCount "41"]
[WhiteFideId "34679731"]
[BlackFideId "34697292"]
[EventCountry "GER"]
[EventRounds "9"]
[EventType "swiss"]
[EventDate "2025.06.07"]

1. e4 {[%clk 01:30:59]} d6 {[%clk 01:30:49]} {[%emt 00:00:12]} 2. d4 {[%clk
01:31:18]} {[%emt 00:00:08]} Nf6 {[%clk 01:31:09]} {[%emt 00:00:10]} 3. Nc3
{[%clk 01:31:39]} {[%emt 00:00:11]} g6 {[%clk 01:31:29]} {[%emt 00:00:07]} 4.
Nf3 {[%clk 01:31:44]} {[%emt 00:00:25]} Bg7 {[%clk 01:31:46]} {[%emt 00:00:13]}
5. d5 {[%clk 01:31:10]} {[%emt 00:01:05]} O-O {[%clk 01:31:40]} {[%emt
00:00:36]} 6. Bc4 {[%clk 01:31:18]} {[%emt 00:00:23]} c6 {[%clk 01:31:06]}
{[%emt 00:01:03]} 7. Bg5 {[%clk 01:31:16]} {[%emt 00:00:30]} b5 {[%clk
01:26:30]} {[%emt 00:05:07]} 8. Bb3 {[%clk 01:29:54]} {[%emt 00:01:53]} b4
{[%clk 01:25:55]} {[%emt 00:01:05]} 9. Ne2 {[%clk 01:29:44]} {[%emt 00:00:40]}
Nxe4 {[%clk 01:26:11]} {[%emt 00:00:13]} 10. dxc6 {[%clk 01:28:39]} {[%emt
00:01:35]} Bxb2 {[%clk 01:25:19]} {[%emt 00:01:22]} 11. Rb1 {[%clk 01:28:32]}
{[%emt 00:00:36]} Nc3 {[%clk 01:25:18]} {[%emt 00:00:33]} 12. Nxc3 {[%clk
01:28:50]} {[%emt 00:00:11]} Bxc3+ {[%clk 01:25:17]} {[%emt 00:00:31]} 13. Bd2
{[%clk 01:29:08]} {[%emt 00:00:10]} Bxd2+ {[%clk 01:24:50]} {[%emt 00:00:59]}
14. Qxd2 {[%clk 01:29:17]} {[%emt 00:00:20]} Nxc6 {[%clk 01:25:08]} {[%emt
00:00:12]} 15. Bd5 {[%clk 01:29:37]} {[%emt 00:00:11]} Bb7 {[%clk 01:18:55]}
{[%emt 00:06:43]} 16. Qh6 {[%clk 01:28:56]} {[%emt 00:01:07]} Qa5 {[%clk
01:10:47]} {[%emt 00:08:41]} 17. Ng5 {[%clk 01:22:57]} {[%emt 00:06:29]} b3+
{[%clk 01:09:59]} {[%emt 00:01:19]} 18. Kf1 {[%clk 01:23:09]} {[%emt 00:00:17]}
Qb5+ {[%clk 01:08:49]} {[%emt 00:01:41]} 19. Kg1 {[%clk 01:23:07]} {[%emt
00:00:29]} Rfc8 {[%clk 01:07:44]} {[%emt 00:01:38]} 20. Qxh7+ {[%clk 01:23:17]}
{[%emt 00:00:20]} Kf8 {[%clk 01:08:01]} {[%emt 00:00:13]} 21. Qxf7# {[%clk
01:23:42]} {[%emt 00:00:04]} 1-0

[Event "ODJM C 2025"]
[Site "Willingen GER"]
[Date "2025.06.09"]
[Round "3"]
[White "Steppat, Tristan"]
[Black "Hasekamp, Jonas"]
[Result "1/2-1/2"]
[Termination "normal"]
[Board "31"]
[WhiteElo "1004"]
[BlackElo "812"]
[WhiteClock "01:25:29"]
[BlackClock "01:23:22"]
[PlyCount "96"]
[WhiteFideId "533004811"]
[BlackFideId "34685944"]
[EventCountry "GER"]
[EventRounds "9"]
[EventType "swiss"]
[EventDate "2025.06.07"]

1. e4 {[%clk 01:30:42]} {[%emt 00:00:16]} c5 {[%clk 01:30:48]} {[%emt
00:00:13]} 2. Nf3 {[%clk 01:30:39]} {[%emt 00:00:33]} Nc6 {[%emt 00:00:49]} 3.
d4 {[%clk 01:30:51]} Qa5+ {[%clk 01:30:46]} {[%emt 00:00:30]} 4. Nc3 {[%clk
01:30:20]} {[%emt 00:01:02]} Qb4 {[%clk 01:30:28]} {[%emt 00:00:47]} 5. Be3
{[%clk 01:30:05]} {[%emt 00:00:45]} Qxb2 {[%clk 01:30:32]} {[%emt 00:00:27]} 6.
Qd2 {[%clk 01:29:38]} {[%emt 00:00:57]} Qxa1+ {[%clk 01:30:32]} {[%emt
00:00:30]} 7. Nd1 {[%clk 01:29:31]} {[%emt 00:00:37]} Qxa2 {[%clk 01:30:17]}
{[%emt 00:00:44]} 8. Nc3 {[%clk 01:28:25]} {[%emt 00:01:36]} Qa1+ {[%clk
01:30:15]} {[%emt 00:00:32]} 9. Nd1 {[%clk 01:28:51]} {[%emt 00:00:04]} Qa5
{[%clk 01:29:01]} {[%emt 00:01:41]} 10. Nc3 {[%clk 01:29:10]} {[%emt 00:00:15]}
b6 {[%clk 01:27:58]} {[%emt 00:01:32]} 11. Bc4 {[%clk 01:29:29]} {[%emt
00:00:11]} Ba6 {[%clk 01:27:53]} {[%emt 00:00:35]} 12. Bd5 {[%clk 01:29:42]}
{[%emt 00:00:17]} e6 {[%clk 01:27:47]} {[%emt 00:00:35]} 13. Bxc6 {[%clk
01:29:57]} {[%emt 00:00:16]} dxc6 {[%clk 01:28:04]} {[%emt 00:00:13]} 14. d5
{[%clk 01:30:08]} {[%emt 00:00:19]} Rd8 {[%clk 01:28:03]} {[%emt 00:00:30]} 15.
Ne5 {[%clk 01:30:04]} {[%emt 00:00:35]} cxd5 {[%clk 01:28:05]} {[%emt
00:00:28]} 16. Nc6 {[%clk 01:30:21]} {[%emt 00:00:12]} Qa1+ {[%clk 01:27:59]}
{[%emt 00:00:36]} 17. Nd1 {[%clk 01:30:41]} {[%emt 00:00:11]} Rd6 {[%clk
01:28:19]} {[%emt 00:00:10]} 18. Nb8 {[%clk 01:30:25]} {[%emt 00:00:45]} d4
{[%clk 01:28:03]} {[%emt 00:00:46]} 19. Bf4 {[%clk 01:30:43]} {[%emt 00:00:12]}
Rd8 {[%clk 01:27:36]} {[%emt 00:00:55]} 20. Bc7 {[%emt 00:00:13]} Rc8 {[%emt
00:00:16]} 21. e5 {[%clk 01:30:15]} {[%emt 00:00:32]} Rxc7 {[%clk 01:27:42]}
{[%emt 00:00:22]} 22. Nxa6 {[%clk 01:29:00]} {[%emt 00:01:48]} Qxa6 {[%clk
01:27:31]} {[%emt 00:00:40]} 23. Qf4 {[%clk 01:28:06]} {[%emt 00:01:24]} g6
{[%clk 01:27:30]} {[%emt 00:00:30]} 24. Qg5 {[%clk 01:28:21]} {[%emt 00:00:15]}
Bh6 {[%clk 01:27:41]} {[%emt 00:00:20]} 25. Qg3 {[%clk 01:28:20]} {[%emt
00:00:32]} Qa5+ {[%clk 01:27:25]} {[%emt 00:00:45]} 26. c3 {[%clk 01:27:16]}
{[%emt 00:01:34]} dxc3 {[%clk 01:26:44]} {[%emt 00:01:11]} 27. Nxc3 {[%clk
01:27:41]} {[%emt 00:00:05]} Qa1+ {[%clk 01:26:40]} {[%emt 00:00:30]} 28. Nd1
{[%clk 01:28:05]} {[%emt 00:00:10]} Qa2 {[%clk 01:25:47]} {[%emt 00:01:21]} 29.
O-O {[%emt 00:00:17]} Rd7 {[%emt 00:00:33]} 30. Nc3 {[%emt 00:00:29]} Qc2
{[%emt 00:01:23]} 31. Nb5 {[%clk 01:25:16]} {[%emt 00:00:39]} Rd1 {[%clk
01:25:41]} {[%emt 00:00:30]} 32. Nc7+ {[%clk 01:25:42]} {[%emt 00:00:10]} Kd7
{[%clk 01:25:48]} {[%emt 00:00:21]} 33. Qf3 {[%clk 01:26:05]} {[%emt 00:00:07]}
Rxf1+ {[%clk 01:25:41]} {[%emt 00:00:38]} 34. Kxf1 {[%clk 01:26:29]} {[%emt
00:00:05]} Qc1+ {[%clk 01:25:30]} {[%emt 00:00:41]} 35. Ke2 {[%clk 01:26:53]}
{[%emt 00:00:05]} Kxc7 {[%clk 01:25:33]} {[%emt 00:00:29]} 36. Qxf7+ {[%clk
01:27:04]} {[%emt 00:00:18]} Kc8 {[%emt 00:00:57]} 37. Qe8+ {[%emt 00:00:12]}
Kb7 {[%clk 01:24:15]} {[%emt 00:00:31]} 38. Qd7+ {[%clk 01:27:29]} {[%emt
00:00:13]} Ka6 {[%clk 01:24:11]} {[%emt 00:00:34]} 39. Qa4+ {[%clk 01:27:52]}
{[%emt 00:00:07]} Kb7 {[%clk 01:23:15]} {[%emt 00:01:27]} 40. Qd7+ {[%clk
01:28:07]} {[%emt 00:00:14]} Kb8 {[%clk 01:23:36]} {[%emt 00:00:09]} 41. Qd8+
{[%clk 01:28:25]} {[%emt 00:00:13]} Kb7 {[%clk 01:23:03]} {[%emt 00:01:03]} 42.
Qd7+ {[%clk 01:28:44]} {[%emt 00:00:10]} Ka6 {[%emt 00:00:42]} 43. Qa4+ {[%emt
00:00:07]} Kb7 {[%clk 01:22:41]} {[%emt 00:00:04]} 44. Qd7+ {[%clk 01:29:07]}
{[%emt 00:00:07]} Kb8 {[%clk 01:22:47]} {[%emt 00:00:24]} 45. Qd8+ {[%clk
01:29:31]} {[%emt 00:00:07]} Kb7 {[%clk 01:23:02]} {[%emt 00:00:15]} 46. Qd7+
{[%clk 01:25:05]} {[%emt 00:04:49]} Ka6 {[%clk 01:23:00]} {[%emt 00:00:33]} 47.
Qa4+ {[%clk 01:25:07]} {[%emt 00:00:33]} Kb7 {[%clk 01:23:15]} {[%emt
00:00:15]} 48. Qd7+ {[%clk 01:25:29]} {[%emt 00:00:08]} Kb8 {[%clk 01:23:22]}
{[%emt 00:00:24]} 1/2-1/2

[Event "ODJM C 2025"]
[Site "Willingen GER"]
[Date "2025.06.09"]
[Round "3"]
[White "Ruddat, Merja"]
[Black "Lohmüller, Alina"]
[Result "0-1"]
[Termination "normal"]
[Board "32"]
[WhiteElo "999"]
[BlackElo "772"]
[WhiteClock "00:28:03"]
[BlackClock "00:32:06"]
[PlyCount "76"]
[WhiteFideId "34660577"]
[BlackFideId "533025509"]
[EventCountry "GER"]
[EventRounds "9"]
[EventType "swiss"]
[EventDate "2025.06.07"]

1. e4 {[%clk 01:30:57]} {[%emt 00:00:02]} e5 {[%clk 01:30:57]} {[%emt
00:00:04]} 2. Nf3 {[%clk 01:31:22]} {[%emt 00:00:06]} Nc6 {[%clk 01:31:21]}
{[%emt 00:00:03]} 3. Bc4 {[%clk 01:31:36]} {[%emt 00:00:16]} Nf6 {[%clk
01:31:39]} {[%emt 00:00:13]} 4. d3 {[%clk 01:31:40]} {[%emt 00:00:25]} Bc5
{[%clk 01:31:47]} {[%emt 00:00:22]} 5. Nc3 {[%clk 01:31:49]} {[%emt 00:00:20]}
d6 {[%clk 01:32:03]} {[%emt 00:00:15]} 6. h3 {[%clk 01:31:40]} {[%emt
00:00:39]} h6 {[%clk 01:31:16]} {[%emt 00:01:17]} 7. Be3 {[%clk 01:30:39]}
{[%emt 00:01:32]} Be6 {[%clk 01:25:22]} {[%emt 00:06:22]} 8. Bb3 {[%clk
01:24:29]} {[%emt 00:06:41]} Qe7 {[%clk 01:17:44]} {[%emt 00:08:07]} 9. Nd5
{[%clk 01:22:11]} {[%emt 00:02:48]} Nxd5 {[%clk 01:17:25]} {[%emt 00:00:49]}
10. exd5 {[%clk 01:17:14]} {[%emt 00:05:27]} Bd7 {[%clk 01:12:32]} {[%emt
00:05:23]} 11. dxc6 {[%clk 01:16:32]} {[%emt 00:01:13]} Bxc6 {[%clk 01:12:36]}
{[%emt 00:00:26]} 12. Qe2 {[%clk 01:15:29]} {[%emt 00:01:33]} O-O-O {[%clk
01:07:00]} {[%emt 00:06:05]} 13. O-O-O {[%clk 01:14:09]} {[%emt 00:01:50]} Rhe8
{[%clk 01:03:57]} {[%emt 00:03:32]} 14. g4 {[%clk 01:10:03]} {[%emt 00:04:38]}
Qf6 {[%clk 00:59:17]} {[%emt 00:05:10]} 15. Nxe5 {[%clk 00:59:54]} {[%emt
00:10:39]} Rxe5 {[%clk 00:57:59]} {[%emt 00:01:48]} 16. Rhe1 {[%clk 00:57:44]}
{[%emt 00:02:40]} Bf3 {[%clk 00:57:05]} {[%emt 00:01:23]} 17. Qd2 {[%clk
00:55:16]} {[%emt 00:02:58]} Bxd1 {[%clk 00:56:12]} {[%emt 00:01:25]} 18. Qxd1
{[%clk 00:55:00]} {[%emt 00:00:45]} Rde8 {[%clk 00:52:05]} {[%emt 00:04:37]}
19. Kd2 {[%clk 00:47:55]} {[%emt 00:07:35]} Qh4 {[%clk 00:44:44]} {[%emt
00:07:50]} 20. Bxf7 {[%clk 00:45:00]} {[%emt 00:03:25]} R8e7 {[%clk 00:44:06]}
{[%emt 00:01:09]} 21. Bh5 {[%clk 00:39:37]} {[%emt 00:05:52]} Qxh3 {[%clk
00:43:04]} {[%emt 00:01:32]} 22. Qe2 {[%clk 00:33:25]} {[%emt 00:06:43]} d5
{[%clk 00:36:35]} {[%emt 00:06:59]} 23. c3 {[%clk 00:31:20]} {[%emt 00:02:36]}
d4 {[%clk 00:34:16]} {[%emt 00:02:49]} 24. cxd4 {[%clk 00:31:30]} {[%emt
00:00:19]} Bxd4 {[%clk 00:33:18]} {[%emt 00:01:28]} 25. Bxd4 {[%clk 00:29:53]}
{[%emt 00:02:07]} Rxe2+ {[%clk 00:33:17]} {[%emt 00:00:30]} 26. Rxe2 {[%clk
00:30:11]} {[%emt 00:00:13]} Rxe2+ {[%clk 00:32:58]} {[%emt 00:00:48]} 27. Kxe2
{[%clk 00:30:33]} {[%emt 00:00:09]} Kd7 {[%clk 00:31:59]} {[%emt 00:01:30]} 28.
Bxg7 {[%clk 00:30:37]} {[%emt 00:00:25]} Kd6 {[%clk 00:31:40]} {[%emt
00:00:48]} 29. Bxh6 {[%clk 00:30:46]} {[%emt 00:00:21]} Kd5 {[%clk 00:31:39]}
{[%emt 00:00:31]} 30. Bf7+ {[%clk 00:29:16]} {[%emt 00:02:01]} Kd4 {[%clk
00:31:28]} {[%emt 00:00:41]} 31. Bg7+ {[%clk 00:29:19]} {[%emt 00:00:28]} Kc5
{[%clk 00:31:38]} {[%emt 00:00:19]} 32. g5 {[%clk 00:29:23]} {[%emt 00:00:26]}
Qg4+ {[%clk 00:31:41]} {[%emt 00:00:28]} 33. f3 {[%clk 00:29:26]} {[%emt
00:00:27]} Qg2+ {[%clk 00:31:32]} {[%emt 00:00:39]} 34. Ke1 {[%clk 00:29:26]}
{[%emt 00:00:30]} Qxf3 {[%clk 00:31:26]} {[%emt 00:00:35]} 35. Bf8+ {[%clk
00:28:44]} {[%emt 00:01:13]} Kd4 {[%clk 00:31:44]} {[%emt 00:00:12]} 36. g6
{[%clk 00:28:54]} {[%emt 00:00:19]} Ke3 {[%clk 00:32:00]} {[%emt 00:00:14]} 37.
Bh6+ {[%clk 00:28:54]} {[%emt 00:00:31]} Kxd3 {[%clk 00:32:14]} {[%emt
00:00:16]} 38. Bf8 {[%clk 00:28:03]} {[%emt 00:01:20]} Qe2# {[%clk 00:32:06]}
{[%emt 00:00:08]} 0-1

[Event "ODJM C 2025"]
[Site "Willingen GER"]
[Date "2025.06.09"]
[Round "3"]
[White "Ziem, Aurelie"]
[Black "Eichner, Willi"]
[Result "0-1"]
[Termination "normal"]
[Board "33"]
[WhiteElo "786"]
[BlackElo "987"]
[WhiteClock "01:11:41"]
[BlackClock "01:19:06"]
[PlyCount "42"]
[WhiteFideId "533022194"]
[BlackFideId "533043787"]
[EventCountry "GER"]
[EventRounds "9"]
[EventType "swiss"]
[EventDate "2025.06.07"]

1. e4 {[%clk 01:30:57]} {[%emt 00:00:02]} e5 {[%clk 01:30:59]} {[%emt
00:00:02]} 2. Nf3 {[%clk 01:31:12]} {[%emt 00:00:12]} Nc6 {[%clk 01:31:27]}
{[%emt 00:00:03]} 3. Bc4 {[%clk 01:31:28]} {[%emt 00:00:14]} Bc5 {[%clk
01:31:52]} {[%emt 00:00:06]} 4. d3 {[%clk 01:31:34]} {[%emt 00:00:23]} Nf6
{[%clk 01:32:11]} {[%emt 00:00:10]} 5. Nc3 {[%clk 01:31:53]} {[%emt 00:00:11]}
d6 {[%clk 01:32:33]} {[%emt 00:00:08]} 6. h3 {[%clk 01:32:11]} {[%emt
00:00:12]} Be6 {[%clk 01:32:53]} {[%emt 00:00:10]} 7. Bb3 {[%clk 01:32:25]}
{[%emt 00:00:15]} Qd7 {[%clk 01:32:39]} {[%emt 00:00:44]} 8. Bg5 {[%clk
01:32:34]} {[%emt 00:00:22]} O-O-O {[%clk 01:32:49]} {[%emt 00:00:21]} 9. Bxf6
{[%clk 01:32:01]} {[%emt 00:01:02]} gxf6 {[%clk 01:33:08]} {[%emt 00:00:12]}
10. Qc1 {[%clk 01:31:04]} {[%emt 00:01:27]} Rhg8 {[%clk 01:32:17]} {[%emt
00:01:20]} 11. Nh4 {[%clk 01:31:10]} {[%emt 00:00:25]} f5 {[%clk 01:30:56]}
{[%emt 00:01:51]} 12. Qh6 {[%clk 01:29:48]} {[%emt 00:01:50]} fxe4 {[%clk
01:29:54]} {[%emt 00:01:33]} 13. dxe4 {[%clk 01:29:55]} {[%emt 00:00:24]} Nd4
{[%clk 01:28:11]} {[%emt 00:02:13]} 14. Ba4 {[%clk 01:26:24]} {[%emt 00:04:01]}
Qe7 {[%clk 01:28:15]} {[%emt 00:00:26]} 15. Rg1 {[%clk 01:25:37]} {[%emt
00:01:17]} Bxh3 {[%clk 01:28:05]} {[%emt 00:00:40]} 16. Nd5 {[%clk 01:22:08]}
{[%emt 00:03:59]} Qe6 {[%clk 01:27:37]} {[%emt 00:00:53]} 17. Nf6 {[%clk
01:21:03]} {[%emt 00:01:40]} Rgf8 {[%clk 01:23:27]} {[%emt 00:04:40]} 18. Qg7
{[%clk 01:19:02]} {[%emt 00:02:28]} Qc4 {[%clk 01:19:12]} {[%emt 00:04:49]} 19.
O-O-O {[%clk 01:14:18]} {[%emt 00:05:13]} Qxa4 {[%clk 01:19:04]} {[%emt
00:00:39]} 20. Rd2 {[%clk 01:13:13]} {[%emt 00:01:34]} Qxa2 {[%clk 01:18:51]}
{[%emt 00:00:43]} 21. gxh3 {[%clk 01:11:41]} {[%emt 00:02:02]} Qa1# {[%clk
01:19:06]} {[%emt 00:00:15]} 0-1